A történelem sodrában elhangzott Szegeden, 2004 márciusában, a Bálint Sándor Művelődési Házban /

Elmentve itt :
Bibliográfiai részletek
Szerző: Fekete Pál
Dokumentumtípus: Könyv része
Megjelent: 2004
Sorozat:Szegedi bölcsészfüzetek 12
A 20. század kataklizmái és az 1956-os forradalom 12
Kulcsszavak:Magyarország története - 20. sz.
Tárgyszavak:
Online Access:http://acta.bibl.u-szeged.hu/45604
LEADER 00878naa a2200229 i 4500
001 acta45604
005 20220121121650.0
008 170405s2004 hu o 0|| hun d
020 |a 963 482 681 4 
022 |a 1215-2870 
040 |a SZTE Egyetemi Kiadványok Repozitórium  |b hun 
041 |a hun 
100 1 |a Fekete Pál 
245 1 2 |a A történelem sodrában   |h [elektronikus dokumentum] :  |b elhangzott Szegeden, 2004 márciusában, a Bálint Sándor Művelődési Házban /  |c  Fekete Pál 
260 |c 2004 
300 |a 20-27 
490 0 |a Szegedi bölcsészfüzetek  |v 12 
490 0 |a A 20. század kataklizmái és az 1956-os forradalom  |v 12 
650 4 |a Bölcsészettudományok 
650 4 |a Történettudomány és régészet 
695 |a Magyarország története - 20. sz. 
856 4 0 |u http://acta.bibl.u-szeged.hu/45604/1/bolcseszfuzetek_2004_020-027.pdf  |z Dokumentum-elérés